000 01522nam a2200313 a 4500
001 000020601
003 DO-SdBNP
005 20231109083455.0
008 100810s2019 dr a 000 0 spa d
020 _a9789945803105
040 _aDO-SdBNP
_bspa
_cBPMSU
082 2 _a781.64097293
_bC764p 2019
_222
100 1 _aContreras, Marivell
100 z _aC., Marivell
245 1 3 _aEl primer bachatero del mundo :
_bCalderón /
_cMarivell Contreras, José Manuel Calderón ; cuidado de la edición Alexis Méndez ; correccion de estilo Mario de San Juan, Frank Martínez.
260 _aSanto Domingo :
_bEditora Búho,
_c2019.
300 _a520 p. :
_bil. ;
_c24 cm.
505 0 _aDe estudios y opiniones -- De la bachata y Calderón -- Orígenes : biografías compartida -- De la bachata y El pionero -- Lo que no se ha dicho de la bachata --El pionero en el ámbito internacional --Grabaciones, discos, canciones. -- Calderón: medios -- Trayectoria : premios y reconocimientos --Lo que dicen los libros de Calderón --Coclusión.
590 _aInventariado, 2019/VM
600 1 4 _aCalderón, José Manuel
_d1941-
650 4 _aBachata
_xHistoria y crítica
650 4 _aMúsica popular dominicana
_xHistoria y crítica
651 4 _aRepública Dominicana
_xVida social y costumbres
700 1 _aCalderón, José Manuel
_d1941-
_eAutor
700 1 _aMéndez, Alexis
_eeditor
700 1 _aSan Juan, Mario, Martínez, Frank
_eCorrección de estilo
910 _aVMateo V. Control de calidad. BPMSU
942 _2ddc
_cBK
999 _c14487
_d14487